000 00571 a2200181 4500
999 _c7968
_d7968
020 _a9780070167148
050 _aKF888 MAL 2010
100 _a Mallor, Jane P.
_eauthor
245 _aBusiness law :
_b the ethical, global, and e-commerce environment /
_cJane P. Mallor [and others]
264 _aNew York:
_bMcGraw hill.,
_c2010
300 _axxxvi, 1370 pages ; 26 cm
500 _alncludes index
650 _aCommercial law
_xUnited States.
700 _aBarnes, James A
700 _aBowers, Thomas
700 _aLangvardt, Arlen W
942 _2lcc
_cBK
_h888
_iMAL
_kKF